| 000 | 01452nam a2200349 i 4500 | ||
|---|---|---|---|
| 001 | 197095 | ||
| 003 | ES-MaACL | ||
| 005 | 20250815122605.0 | ||
| 007 | ta | ||
| 008 | 250407s1951 sp f 100 0 spa d | ||
| 035 | _aCSIC000322628 | ||
| 035 | _a(ES-MaCSI)000322628MAD01-Aleph | ||
| 035 | _a(OCoLC)1123428702 | ||
| 035 | _a990003226280204201 | ||
| 040 |
_aES-MaCSI _bspa _cVL |
||
| 080 | _a75(6)(064) | ||
| 111 | 2 | 0 |
_aExposición de Pintores de Africa _n(1ª. _d1950. _cMadrid) _9239994 |
| 245 | 1 | 0 |
_aPrimera exposición de pintores de Africa : _bMadrid, 1950 / _c[organizada por] Instituto de Estudios Africanos. |
| 260 |
_aMadrid : _bInstituto de Estudios Africanos, _c1951. |
||
| 300 |
_a143 p., [14] h. de lam. ; _c24 cm. |
||
| 336 |
_2rdacontent _atexto |
||
| 337 |
_2rdamedia _asin mediación |
||
| 338 |
_2rdacarrier _avolumen |
||
| 510 |
_aCCPB, _c000770185-3 |
||
| 650 | 0 |
_aPintura africana- _vExposiciones _9239995 |
|
| 710 | 2 |
_aInstituto de Estudios Africanos _94881 |
|
| 852 |
_aES-MaACL _bR.M.6193 _bR.31338 _cSVI _jD-6604 _fSello en tinta azul de la Biblioteca del Ateneo de Madrid _gAnotación manuscrita en cubierta: "27" _zSello en cubierta: "Precio del ejemplar ptas. 50,00" _zSello en cubierta: "15. NOV. 1951" |
||
| 942 |
_2udc _n0 _cMONOGRAFIA |
||
| 999 |
_c197095 _d197095 |
||